| 000 | 00309 a2200133 4500 | ||
|---|---|---|---|
| 999 |
_c324872 _d324872 |
||
| 001 | 89799 | ||
| 003 | NUST | ||
| 082 | _a894.3534 SHA | ||
| 100 |
_aShafak Elif _99827 |
||
| 245 |
_aThe gaze _cElif shafak |
||
| 260 |
_aLondon _bPenguin Books _c2010 |
||
| 300 | _a264p. | ||
| 500 | _aGeneral Books | ||
| 942 |
_aCAE NUST _cBK _k894.3534 SHA _2ddc |
||